Durarara!! Characters - Statistics

General Stats
  • This quiz has been taken 309 times
  • The average score is 9 of 16
Answer Stats
Hint Answer % Correct
Information Broker who "loves humans" Izaya Orihara
96%
Dullahan who lost her head Celty Sturluson
92%
Toughest man in Ikebukero Shizuo Heiwajima
90%
Founder of the Yellow Scarves Masaomi Kida
81%
Founder of the Dollars Mikado Ryugamine
80%
Owns a Russian Sushi shop Simon Brezhnev
79%
Roommate of the dullahan Shinra Kishitani
76%
Wielder of the true Saika Anri Sonohara
74%
Debt Collector Tom Tanaka
50%
Leads a four man group of Dollars members Kyohei Kadota
46%
In love with her own brother Namie Yagiri
39%
In love with the Yellow Scarves founder Saki Mikajima
37%
Leader of the Blue Squares Aoba Kuronuma
30%
Wears a gas mask while in Tokyo Shingen Kishitani
25%
Police officer after the dullahan Kinnosuke Kuzuhara
11%
Takes over the Yellow Scarves for the Blue Squares Horada
9%
No matching quizzes found
Score Distribution
Percent of People with Each Score
Percentile by Number Answered
Your Score History
You have not taken this quiz